000 00465nam a22001937a 4500
003 MPLRDC
005 20220104143529.0
008 210129b ||||| |||| 00| 0 eng d
020 _a957-8303-06-8
082 _a521 LTD
100 _a李天道
245 _a孩子我该怎麽爱你
_c
250 _a初版
260 _a
_b生活文学
_c1998
300 _b
490 _a生活文学系列
650 _a教育心理及教学法
942 _cBK
_o521 LTD
999 _c40825
_d40815